000 00590nam a2200205Ia 4500
005 20250923144706.0
008 008 250917s9999 xx 000 0 eng d
037 _aTextual
040 _aDSWL
_beng
_cDSWL
041 _aeng
_2eng
084 _aYX,ZI;6-LI, N52
_qDSWL
100 _aBanerjee, G.R.
_9827436
245 0 _aToward better understanding of the sick child
_cby G.R. Banerjee
260 _aBombay
_bBombay .
_c1952
300 _avi,76p.
365 _aINR
_b3.45
925 _g3.45
942 _cTEXL
_hYX,ZI;6-LI, N52
999 _c1442118
_d1442118